Enfoque médico quirúrgico durante la pandemia Covid-19 /

Bibliographic Details
Other Authors: Salamea Molina, Juan Carlos (Editor), Moyón Constante, Miguel Ángel (Editor), Barzallo Sánchez, David Esteban (Editor)
Format: Electronic eBook
Language:Spanish
Published: Cuenca, Ecuador : Universidad del Azuay, Casa Editora, [2020]
Subjects:
Online Access:Digitalia Hispánica

MARC

LEADER 00000nam a2200000 i 4500
001 DIGUAZUAY0110
003 NyNyDIG
007 cr |||||||||||
008 260114s2020 ec ao ob 000 0 spa d
006 m o d
035 |a (OCoLC)1438859813 
040 |a DGITA  |b eng  |e rda  |e pn  |c DGITA 
020 |a 9789942822574  |q eBook 
050 1 4 |a RA644.C67 ebook 
245 0 0 |a Enfoque médico quirúrgico durante la pandemia Covid-19 /  |c Juan Carlos Salamea Molina, Miguel Ángel Moyón Constante, David Esteban Barzallo Sánchez, compiladores. 
264 1 |a Cuenca, Ecuador :  |b Universidad del Azuay, Casa Editora,  |c [2020] 
300 |a 1 online resource :  |b illustrations, photographs. 
336 |a text  |b txt  |2 rdacontent 
337 |a computer  |b c  |2 rdamedia 
338 |a online resource  |b cr  |2 rdacarrier 
347 |a text file  |2 rdaft 
347 |b PDF 
504 |a Includes bibliographical references. 
588 0 |a Online resource; title from PDF title page (Digitalia, viewed January 14, 2026) 
650 0 |a COVID-19 (Disease)  |x Treatment. 
700 1 |a Salamea Molina, Juan Carlos,  |e editor. 
700 1 |a Moyón Constante, Miguel Ángel,  |e editor. 
700 1 |a Barzallo Sánchez, David Esteban,  |e editor. 
791 2 |a Digitalia (Firm),  |e distributor. 
793 0 |g Digitalia eBook Collection:  |a Universidad del Azuay 
856 4 0 |3 Digitalia Hispánica  |u https://www.digitaliapublishing.com/a/133494/ 
910 |a Premium collection: 2026